| 000 | 00689nam a2200205 a 4500 | ||
|---|---|---|---|
| 001 | BRCA_2827 | ||
| 005 | 20190320204003.0 | ||
| 008 | 091208s1958----sp-a---###---#000-0#spa-u | ||
| 050 | 4 |
_aND801 _b.G39 1958 |
|
| 100 | 1 |
_aGaya Nuño, Juan Antonio _95192 |
|
| 245 | 1 | 0 |
_aLa pintura española fuera de España _bhistoria y catálogo _cJuan Antonio Gaya Nuño. |
| 260 |
_aMadrid _bEspasa-Calpe _c1958 |
||
| 300 |
_a371 p. _bil., 363 láminas _c29 cm. |
||
| 500 | _aIncluye índice de pintores catalogados, índice de museos y colecciones e índice de láminas. | ||
| 500 | _aAA116 | ||
| 650 | 1 | 4 |
_aPintura española _97790 |
| 650 | 1 | 4 |
_aPintura _xHistoria _97926 |
| 902 | _aGFM | ||
| 942 |
_2lcc _cB |
||
| 999 |
_c2567 _d2567 |
||